Stolice świata najbliżej Warszawy według kontynentu - Statystyki

Ogólne statystyki
  • Ten quiz został rozwiązany 4 024 razy
  • Średni wynik to 15 z 30
Statystyki odpowiedzi
Państwo Kontynent km Stolica % Poprawnych
Niemcy Europa 518 Berlin
96%
Czechy Europa 519 Praga
95%
Białoruś Europa 475 Mińsk
92%
Litwa Europa 393 Wilno
92%
Słowacja Europa 533 Bratysława
91%
Egipt Afryka 2 603 Kair
86%
Stany Zjednoczone Ameryka Północna 7 195 Waszyngton
86%
Kanada Ameryka Północna 6 594 Ottawa
81%
Tunezja Afryka 1 914 Tunis
73%
Algieria Afryka 2 225 Algier
69%
Turcja Azja 1 643 Ankara
69%
Brazylia Ameryka Południowa 10 011 Brasilia
68%
Maroko Afryka 3 005 Rabat
67%
Kolumbia Ameryka Południowa 9 931 Bogota
54%
Gruzja Azja 1 970 Tbilisi
51%
Cypr Azja 2 136 Nikozja
50%
Libia Afryka 2 243 Trypolis
49%
Wenezuela Ameryka Południowa 8 954 Caracas
48%
Armenia Azja 2 238 Erywań
48%
Liban Azja 2 348 Bejrut
36%
Gujana Ameryka Południowa 8 672 Georgetown
29%
Surinam Ameryka Południowa 8 558 Paramaribo
27%
Papua-Nowa Gwinea Oceania 13 213 Port Moresby
20%
Palau Oceania 10 911 Ngerulmud
10%
Mikronezja Oceania 12 299 Palikir
10%
Dominika Ameryka Północna 8 162 Roseau
10%
Antigua i Barbuda Ameryka Północna 8 037 Saint John's
10%
Nauru Oceania 13 458 Yaren
10%
Saint Kitts i Nevis Ameryka Północna 8 082 Basseterre
9%
Wyspy Marshalla Oceania 12 845 Majuro
8%
Nie znaleziono quizów pasujących do podanych kryteriów
Rozkład punktacji
Procent ludzi z każdym wynikiem
Percentyl według liczby udzielonych odpowiedzi
Twoja historia wyników
Nie rozwiązałeś tego quizu